000 00552nam a2200145 a 4500
001 000034200
005 20200930070848.0
008 110928s1937 000 spa d
040 _aDO-SdBNP
_bspa
_cBNPHU
110 2 _aRepública Dominicana
_bDirección General de Estadísticas Nacional
_959621
245 1 0 _aFinanzas municipales ingresos y egresos del año 1936-[1940].
260 _aCiudad Trujillo, República Dominicana :
_bSección de Publicaciones de la Dirección General de Estadística,
_c1937.
300 _a128 p. ;
_c26 cm.
049 _aBNPD
999 _c33691
_d33691